000 01072nam a2200301 4500
001 12764
003 ES-MaACL
005 20250630235324.0
007 t|
008 000000s1982 sp ||||0| spa j
016 7 _zIBH8312814
020 _a84-85628-32-2
040 _aIBH
_bspa
_cM-BN-DP
080 _a964.9:061.3(100)"1980"
080 _a97/98:061.3(100)"1980"
111 2 _aColoquio de Historia Canario-Americana (
_n4º.
_d1980.
_cLas Palmas de Gran Canaria)
_988
245 1 0 _aIV Coloquio de Historia Canario-Americana (1980) /
_ccoordinación y prólogo de Francisco Morales Padrón.
260 _a[Las Palmas] :
_bCabildo Insular de Gran Canaria,
_c1982.
300 _a2 v. ;
_c25 cm.
500 _aIndices.
504 _aBibliografía.
651 4 _aCanarias-
_xHistoria-
_vCongresos y asambleas.
_97950
651 4 _aAmérica-
_xHistoria-
_vCongresos y asambleas.
_97704
700 1 _aMorales Padrón, Francisco,
_d1924-2010
_983066
710 1 _aGran Canaria.
_bCabildo Insular.
_92264
852 _aES-MaACL
_jL-19989-90
999 _c12764
_d12764